000 00709nam a22002297a 4500
001 48059
003 UA-OsUOA
005 20220817115636.0
007 ta
008 20070828b un ||||| |||| 00| 0 ukr d
040 _aUA-OsUOA
_bukr
_cUA-OsUOA
_dUA-OsUOA
041 _aukr
080 _a821.161.2
090 _a821.161.2
_bМ19
100 _aМалиновська М.
245 _aСинтез важкої води
_bновела одного року
_cМаргарита Малиновська
260 _aК.
_c1967
_bРадянський письменник
300 _a120 с.
650 7 _a82 Література. Літературознавство
_2UDC
942 _cBK
_2udc
955 _a2
999 _c334165
_d334165